00341 a2200121 4500003000500000005001700005040000900022082000800031245004900039260003200088650007400120651002500194Nust20170207164317.0 cNust a799 aConvocation-2014 KNOPY Photographs-2014bMCS aRawalpindibMCSc23-01-2014 a Pictures of Convocation2014,KNOPY Photographs 2014,(CD No. 24 Vol.I) a Sweet Memories-MCS